000 00670nam a2200241Ia 4500
003 OSt
005 20220926014458.0
006 a|||||r|||| 00| 0
007 ta
008 220923b |||||||| |||| 00| 0 eng d
037 _cGeneral Book
040 _aRTL
_cRTL
_beng
041 _2eng
_aeng
082 _aX:8, L1
100 _aArgyris Chris
245 0 _aManagement and organizational development
_b the Pa
260 _aNew York
_bMcGraw-Hill
_c1971
300 _axv, 211p.
_ccm.
490 _aMcGraw-Hill series in management
650 _aManagement
_930681
942 _hX:8, L1
_cGB
_2CC
999 _c629101
_d629101